000 00561nam a2200229Ia 4500
003 OSt
005 20220924153146.0
006 a|||||r|||| 00| 0
007 ta
008 220923b |||||||| |||| 00| 0 guj d
024 _a347010
037 _cTextual
040 _aARTS
_cARTS
_bguj
041 _2guj
_aguj
082 _aO21,1M83x, 156J6
100 _aGibran
_9228193
245 0 _aViday valae
260 _c1956
650 _aGUJRATI LITERATURE
942 _hO21,1M83x, 156J6
_cTEXL
_2CC
999 _c472515
_d472515